1494 1107 1704 1483 1751 1298 1992 1548 1561 1630 1108 1573 1848 1135 1097 1929 1691 1057 1578 1121 1709 1127 1651 1394 1164 1230 1237 1518 1574 1607 1406 1263 1571 1491 1861 1478 1032 1269 1281 1895 1687 1718 1929 1008 1889 1174 1150 1392 1759 1871 1496 1188 1954 1212 1120 1680 1232 1731 1633 1664 1353 1817 1276 1225 1091 1654 1445 1116 1298 1633 1436 1225 1710 1829 1694 1865 1331 1552 1891 1642 1874 1570 1138 1717 1015 1856 1663 1119 1036 1716 1441 1779 1262 1379 1107 1134 1318 1300 1391 BCNSPRNW ULIB Ver.6.0+V

เปลี่ยนเป็นภาษาไทย

Change to English
 แสดงรายละเอียดบรรณานุกรม
  กลับหน้าหลัก

Brief Record : Get Marc (ISO 2709) : E-mail record : QR code < ปิดหน้าต่าง
LEADER : 00000nam 2200000uu 4500
001    13399111905
003     ULIB
008    110712s2554||||th 000 0 tha d
020    9789746690232
060 04 WY157^bม836ก 2554
100 0   มาลีวัล เลิศสาครศิริ
245    การพยาบาลหญิงตั้งครรภ์ที่มีภาวะแทรกซ้อน ฉบับปรับปรุง /^cมาลีวัล เลิศสาคร
250    พิมพ์ครั้งที่ 1
260    กรุงเทพฯ :^bวิทยาลัยเซนต์หลุยส์,^c2554
300    142 หน้า
650  7 เจ็บครรภ์
650  7 คลอดก่อนกำหนด
945    ^p180^l0^i030575
995    เกษร
999    ^aใช้งานได้ทุกระบบ
รายการนี้ยังไม่มีแท็ก
คุณยังไม่ได้ล็อกอิน คุณสามารถมีกิจกรรมร่วมกับเว็บไซต์ได้ แต่ต้องล็อกอินก่อน ::
  ล็อกอิน

รายการสื่อสารสนเทศ

ลำดับที่ ประเภท เลขเรียก/บาร์โค้ด สถานที่ สถานะ
1. วิทยาศาสตร์การแพทย์ และสุขภาพ
หนังสือสำรอง
สถานะ=หนังสือสำรอง
WY157 ม836ก 2554 ฉ.1 
  Barcode: 030575
ห้องสมุดวิทยาเขตสวรรค์ประชารักษ์
►ส่วนจัดเก็บหนังสือเก่า สปร
บนชั้น
  ขอยืม

รายการใกล้เคียง
    หัวเรื่อง [เจ็บครรภ์]
    หัวเรื่อง [คลอดก่อนกำหนด]

BibComment


ยังไม่เคยถูกคอมเมนท์

คอมเมนท์ทรัพยากรรายการนี้
  คอมเมนท์: การพยาบาลหญิงตั้ง..


 Copyright 2026. Bcnsprnw @Library